FA Cup Top 4 Positions - Statistics

General Stats
  • This quiz has been taken 5,472 times
  • The average score is 49 of 79
Answer Stats
Latest appearance Team % Correct
2021/22 Liverpool
99%
2025/26 Manchester City
99%
2023/24 Manchester United
99%
2019/20 Arsenal
98%
2025/26 Chelsea
98%
2017/18 Tottenham Hotspur
96%
2020/21 Leicester City
94%
2004/05 Newcastle United
92%
2024/25 Aston Villa
91%
2015/16 Everton
90%
2025/26 Leeds United
88%
2024/25 Nottingham Forest
88%
2005/06 West Ham United
88%
2024/25 Crystal Palace
87%
1871/72 Crystal Palace
87%
2018/19 Wolverhampton Wanderers
87%
2025/26 Southampton
86%
2022/23 Brighton and Hove Albion
85%
2003/04 Sunderland
83%
2006/07 Blackburn Rovers
81%
2007/08 Cardiff City
81%
2001/02 Fulham
81%
2022/23 Sheffield United
81%
1992/93 Sheffield Wednesday
80%
1963/64 Swansea City
79%
1974/75 Birmingham City
78%
1991/92 Norwich City
78%
2009/10 Portsmouth
78%
1981/82 Queens Park Rangers
78%
1980/81 Ipswich Town
76%
2013/14 Wigan Athletic
76%
1973/74 Burnley
75%
1975/76 Derby County
74%
1887/88 Derby Junction
74%
2013/14 Hull City
74%
2018/19 Watford
74%
2007/08 West Bromwich Albion
74%
2010/11 Bolton Wanderers
71%
2010/11 Stoke City
71%
2005/06 Middlesbrough
70%
1952/53 Blackpool
69%
2023/24 Coventry City
69%
1996/67 Wimbledon
68%
1919/20 Bristol City
67%
1879/80 Oxford University
67%
1963/64 Preston North End
66%
1938/39 Huddersfield Town
64%
1993/94 Luton Town
64%
2012/13 Millwall
63%
1946/47 Charlton Athletic
61%
2014/15 Reading
60%
1983/84 Plymouth Argyle
58%
1910/11 Bradford City
57%
2007/08 Barnsley
54%
1921/22 Notts County
54%
1876/77 Cambridge University
52%
1993/94 Oldham Athletic
50%
1902/03 Bury
45%
1911/12 Swindon Town
44%
1877/78 Wanderers
36%
1977/78 Leyton Orient
35%
2000/01 Wycombe Wanderers
34%
1954/55 York City
34%
1938/39 Grimsby Town
32%
1882/83 Old Etonians
32%
1953/54 Port Vale
32%
1996/97 Chesterfield
30%
1877/78 Royal Engineers
28%
1887/88 Crewe Alexandra
26%
1886/87 Rangers
23%
1883/84 Blackburn Olympic
22%
1884/85 Queen's Park
21%
1879/80 Clapham Rovers
19%
1884/85 Old Carthusians
18%
1877/78 Old Harrovians
10%
1880/81 Darwen
9%
1885/86 Swifts
7%
1881/82 Marlow
6%
1874/75 Shropshire Wanderers
6%
No matching quizzes found
Score Distribution
Percent of People with Each Score
Percentile by Number Answered
Your Score History
You have not taken this quiz